header

The essential middle school / (Record no. 265812)

MARC details
000 -LEADER
fixed length control field 01389cam a22003974a 4500
001 - CONTROL NUMBER
control field 14043012
003 - CONTROL NUMBER IDENTIFIER
control field OSt
005 - DATE AND TIME OF LATEST TRANSACTION
control field 20260130125021.0
008 - FIXED-LENGTH DATA ELEMENTS--GENERAL INFORMATION
fixed length control field 050719s2006 njua b 001 0 eng
010 ## - LIBRARY OF CONGRESS CONTROL NUMBER
LC control number 2005051499
020 ## - INTERNATIONAL STANDARD BOOK NUMBER
International Standard Book Number 0131195964
International Standard Book Number 9780131195967
035 ## - SYSTEM CONTROL NUMBER
System control number 14043012
System control number (OCoLC)61285675
040 ## - CATALOGING SOURCE
Original cataloging agency DLC
Transcribing agency DLC
Modifying agency YDX
-- BAKER
-- DLC
042 ## - AUTHENTICATION CODE
Authentication code pcc
050 00 - LIBRARY OF CONGRESS CALL NUMBER
Classification number LB1623
Item number .W48 2006
082 00 - DEWEY DECIMAL CLASSIFICATION NUMBER
Classification number 373.2/36
Edition number 22
100 1# - MAIN ENTRY--PERSONAL NAME
Personal name Wiles, Jon.
245 14 - TITLE STATEMENT
Title The essential middle school /
Statement of responsibility, etc Jon Wiles, Joseph Bondi, Michele Tillier Wiles.
250 ## - EDITION STATEMENT
Edition statement 4th ed.
260 ## - PUBLICATION, DISTRIBUTION, ETC. (IMPRINT)
Place of publication, distribution, etc Upper Saddle River, N.J. :
Name of publisher, distributor, etc Pearson/Merrill Prentice Hall,
Date of publication, distribution, etc c2006.
300 ## - PHYSICAL DESCRIPTION
Extent xviii, 382 p. :
Other physical details ill. ;
Dimensions 24 cm.
336 ## - CONTENT TYPE
Content type term text
Content type code txt
Source rdacontent
337 ## - MEDIA TYPE
Media type term unmediated
Media type code n
Source rdamedia
338 ## - CARRIER TYPE
Carrier type term volume
Carrier type code nc
Source rdacarrier
504 ## - BIBLIOGRAPHY, ETC. NOTE
Bibliography, etc Includes bibliographical references and indexes.
650 #0 - SUBJECT ADDED ENTRY--TOPICAL TERM
Topical term or geographic name as entry element Middle schools.
700 1# - ADDED ENTRY--PERSONAL NAME
Personal name Bondi, Joseph.
Personal name Wiles, Michele.
856 41 - ELECTRONIC LOCATION AND ACCESS
Materials specified Table of contents only
Uniform Resource Identifier <a href="http://www.loc.gov/catdir/toc/fy0701/2005051499.html">http://www.loc.gov/catdir/toc/fy0701/2005051499.html</a>
906 ## - LOCAL DATA ELEMENT F, LDF (RLIN)
a 7
b cbc
c orignew
d 1
e ocip
f 20
g y-gencatlg
942 ## - ADDED ENTRY ELEMENTS (KOHA)
Source of classification or shelving scheme Library of Congress Classification
Koha item type Long Loan Books
Holdings
Withdrawn status Lost status Source of classification or shelving scheme Damaged status Not for loan Collection code Home library Current library Shelving location Date acquired Source of acquisition Total Checkouts Full call number Barcode Date last seen Price effective from Koha item type
    Library of Congress Classification     Non-fiction Rongo University Library Rongo University Library General Stacks 30/01/2026 Books for Africa, Donation   LB1623 .W48 2006 20261269 30/01/2026 30/01/2026 Long Loan Books

© 2026 Rongo University
Contact us: librarian | system librarian | Rongo university